000 00389nam a2200169Ia 4500
005 20250423095959.0
008 250422s9999 xx 000 0 und d
020 _a978-975-278-417-8
050 _aBP 252 .N87 G85/
100 _aNursi, Said
245 0 _aLe guide des femmes
260 _aNew Jersey
260 _bEditions du Nil
260 _c2011
300 _a149 p
942 _cBK
999 _c31925
_d31925